___ E Dio creò l'uomo e la donna /
El caricaturista francés Jean Effel, pseudónimo de François Lejeune, nació en 1908 e incursionó en el dibujo humorístico tras haber cursado estudios de arte, filosofía y música en París, radicar durante un tiempo en Inglaterra y haber intentado desarrollarse como pintor y dramaturgo. Effel inició su...
Tallennettuna:
| Päätekijä: | |
|---|---|
| Aineistotyyppi: | Kirja |
| Kieli: | italia |
| Julkaistu: |
Turín, Italia :
Gribaudi,
1970, c1970
|
| Aiheet: | |
| Tagit: |
Ei tageja, Lisää ensimmäinen tagi!
|
MARC
| LEADER | 00000nam^a2200000^a^4500 | ||
|---|---|---|---|
| 001 | 000280226 | ||
| 005 | 20250521000000.0 | ||
| 009 | 20260310111500.289 | ||
| 037 | |a Acervo ITESO - Biblioteca | ||
| 041 | |a ITA | ||
| 082 | |a 741. 56 |b EFF | ||
| 100 | |a Effel, Jean |e (autor) | ||
| 245 | 1 | 0 | |a ___ E Dio creò l'uomo e la donna / |c J. Effel. |
| 264 | 4 | |a Turín, Italia : |b Gribaudi, |c 1970, c1970 | |
| 300 | |a 1 v. (sin paginación) | ||
| 336 | |a texto |b txt |2 rdacontenido | ||
| 337 | |a sin mediación |b n |2 rdamedio | ||
| 338 | |a volumen |b nc |2 rdasoporte | ||
| 500 | |a Traducción de: Il créa l'homme et la femme | ||
| 520 | |a El caricaturista francés Jean Effel, pseudónimo de François Lejeune, nació en 1908 e incursionó en el dibujo humorístico tras haber cursado estudios de arte, filosofía y música en París, radicar durante un tiempo en Inglaterra y haber intentado desarrollarse como pintor y dramaturgo. Effel inició su trayectoria al ofrecer sus ilustraciones a varias publicaciones francesas, que pronto empezaron a buscar sus colaboraciones. Una colección de cartones antifascistas (1935), el cuento para niños Turelene le Cornepipeux (1944) y sobre todo, la serie La création du monde, iniciada en 1945, se cuentan entre sus creaciones más célebres. Le ciel et la terre, Les plantes et animaux, L'homme, La femme y La roman d'Adam et Eve son los títulos que integran esa célebre pentalogía sobre la creación del universo. Dueño de un estilo optimista y simpático que lo volvió uno de los caricaturistas más populares de Francia, Effel también diseñó carteles y panfletos y falleció en 1982 en París. | ||
| 649 | |a XX | ||
| 650 | |a Historietas y Caricaturas de Temas Religiosos - |x Tema Principal | ||
| 650 | |a Historietas y Caricaturas Francesas | ||
| 650 | |a Medios Impresos | ||
| 650 | |a Medios de Comunicación | ||
| 650 | |a Comunicación Visual | ||
| 650 | |a Comunicación Masiva | ||
| 650 | |a Creación - |x Tema Principal | ||
| 650 | |a Biblia - |x Antiguo Testamento - |x Pentateuco - |x Génesis - |x Historia y Crítica | ||
| 650 | |a Cristianismo | ||
| 650 | |a Religión | ||
| 650 | |a Cosmogonía | ||
| 910 | |a Fondo General | ||
| 920 | |a Impresos - Libros | ||
| 930 | |a Colección General | ||
| 905 | |a 101 | ||
| 901 | |a 0500166659 |b IT1 |c ACC |u 20250521 | ||
| 902 | |a https://opac.biblio.iteso.mx/vufind/Record/000280226 | ||